[Event "BPB Limburg open B"]
[Site "Maastricht"]
[Date "2014.06.08"]
[Round "4"]
[White "Kempen, Leon"]
[Black "Van Wiele, Kurt"]
[Result "1-0"]
[WhiteElo "1957"]
[BlackElo "1880"]
[PlyCount "57"]
[EventDate "2014.06.06"]
[EventType "swiss"]
[EventRounds "7"]
[EventCountry "NED"]
[Source "P.Boonen"]
[SourceDate "2014.10.10"]

1. d4 Nf6 2. c4 e6 3. Nc3 Bb4 4. e3 O-O 5. Qc2 d5 6. a3 Bxc3+ 7. bxc3 b6 8.
cxd5 exd5 9. Nf3 Bg4 10. Ne5 Bh5 11. h3 c5 12. g4 Bg6 13. Nxg6 fxg6 14. Bg2
cxd4 15. cxd4 Nbd7 16. Qb3 Kh8 17. g5 Ne4 18. Qxd5 Nxf2 19. O-O Nxh3+ 20. Bxh3
Rxf1+ 21. Kxf1 Qf8+ 22. Ke2 Rd8 23. Qe6 Nc5 24. dxc5 Qxc5 25. Bd2 Rf8 26. Rc1
Qb5+ 27. Ke1 Qxg5 28. Qg4 Qb5 29. Qc8 1-0

[Event "BPB Limburg open B"]
[Site "Maastricht"]
[Date "2014.06.08"]
[Round "4"]
[White "Klein, Gernot"]
[Black "Holwijn, Melvin"]
[Result "1/2-1/2"]
[WhiteElo "1925"]
[BlackElo "1983"]
[PlyCount "133"]
[EventDate "2014.06.06"]
[EventType "swiss"]
[EventRounds "7"]
[EventCountry "NED"]
[Source "P.Boonen"]
[SourceDate "2014.10.10"]

1. e4 d6 2. d4 Nf6 3. Nc3 g6 4. Bg5 Bg7 5. Qd2 h6 6. Bh4 g5 7. Bg3 Nh5 8. Nge2
Nc6 9. f3 Nxg3 10. hxg3 e5 11. d5 Ne7 12. g4 Ng6 13. Ng3 Nf4 14. Nf5 Kf8 15.
Nd1 a6 16. Bc4 b5 17. Bb3 a5 18. a3 Bd7 19. Nde3 Ng6 20. Nf1 Nh4 21. N1g3 Nxf5
22. gxf5 f6 23. Nh5 Be8 24. Kf2 Qb8 25. Rad1 Qb6+ 26. Qe3 Rb8 27. Qxb6 Rxb6 28.
Rd3 a4 29. Ba2 b4 30. Bc4 Bxh5 31. Rxh5 Ke7 32. b3 Ra8 33. bxa4 Rxa4 34. axb4
Rbxb4 35. Bb3 Ra7 36. Rh1 Kd8 37. Rdd1 Rb8 38. Kg3 Ke7 39. Kg4 Kf7 40. Ra1 Rba8
41. Rxa7 Rxa7 42. Rd1 Bf8 43. Bc4 Be7 44. Rb1 Ra8 45. Rb7 Bd8 46. Rb1 Be7 47.
Bb5 Rb8 48. Rb3 Kg7 49. Bc6 Rxb3 50. cxb3 Bd8 51. Bd7 Be7 52. Kg3 h5 53. Kf2
Kh6 54. Be8 g4 55. fxg4 h4 56. Kf3 Kg5 57. Bh5 Bd8 58. Kf2 Be7 59. g3 hxg3+ 60.
Kxg3 Bf8 61. Kf3 Kh4 62. Ke3 Bh6+ 63. Kd3 Kg3 64. Kc4 Kf2 65. g5 Bxg5 66. Bd1
Ke3 67. Bc2 1/2-1/2

[Event "BPB Limburg open B"]
[Site "Maastricht"]
[Date "2014.06.08"]
[Round "4"]
[White "Kocur, Marc"]
[Black "Roefe, Detlef"]
[Result "1-0"]
[WhiteElo "1906"]
[BlackElo "1958"]
[PlyCount "93"]
[EventDate "2014.06.06"]
[EventType "swiss"]
[EventRounds "7"]
[EventCountry "NED"]
[Source "P.Boonen"]
[SourceDate "2014.10.10"]

1. d4 Nf6 2. Nf3 e6 3. c4 c5 4. d5 d6 5. Nc3 exd5 6. cxd5 Be7 7. e4 Bg4 8. Be2
Nbd7 9. O-O a6 10. a4 Qc7 11. Nd2 Bxe2 12. Qxe2 O-O 13. f4 Rfe8 14. Nc4 Bf8 15.
a5 Rab8 16. Qc2 b5 17. axb6 Nxb6 18. Na5 Ra8 19. b3 Nfd7 20. Bb2 Rec8 21. Rf3
c4 22. b4 Re8 23. Ne2 h6 24. Rg3 g6 25. Qc3 f6 26. Rxg6+ Kh7 27. Qg3 Nxd5 28.
exd5 Rxe2 29. Rg8 Ne5 30. Nxc4 Qf7 31. Nxe5 Rxe5 32. Rxf8 Qxf8 33. fxe5 dxe5
34. Qd3+ Kg7 35. d6 Qd8 36. Rxa6 Rxa6 37. Qxa6 Qd7 38. b5 Qf5 39. Qa7+ Kg6 40.
Qc7 Qd3 41. h3 Qe3+ 42. Kh1 Qd3 43. Bc1 e4 44. d7 e3 45. d8=Q Qf1+ 46. Kh2 e2
47. Qg8+ 1-0

[Event "BPB Limburg open B"]
[Site "Maastricht"]
[Date "2014.06.08"]
[Round "4"]
[White "Koelmans, Jan Willem"]
[Black "Passchyn, Maarten"]
[Result "1/2-1/2"]
[WhiteElo "1948"]
[BlackElo "1936"]
[PlyCount "30"]
[EventDate "2014.06.06"]
[EventType "swiss"]
[EventRounds "7"]
[EventCountry "NED"]
[Source "P.Boonen"]
[SourceDate "2014.10.10"]

1. d4 Nf6 2. c4 e6 3. Nc3 Bb4 4. e3 b6 5. Nge2 Ba6 6. a3 Bxc3+ 7. Nxc3 d5 8. b3
O-O 9. Be2 Nc6 10. cxd5 Bxe2 11. Qxe2 Nxd5 12. Qc2 e5 13. dxe5 Nxe5 14. O-O
Nxc3 15. Qxc3 Qe7 1/2-1/2

[Event "BPB Limburg open B"]
[Site "Maastricht"]
[Date "2014.06.08"]
[Round "4"]
[White "Kuciapa, Andre"]
[Black "Tutenel, Erik"]
[Result "0-1"]
[WhiteElo "1778"]
[BlackElo "1863"]
[PlyCount "106"]
[EventDate "2014.06.06"]
[EventType "swiss"]
[EventRounds "7"]
[EventCountry "NED"]
[Source "P.Boonen"]
[SourceDate "2014.10.10"]

1. e4 e5 2. Nf3 Nc6 3. Bb5 a6 4. Bxc6 dxc6 5. d3 Bd6 6. Be3 Bg4 7. Nbd2 Ne7 8.
h3 Bh5 9. g4 Bg6 10. Nh4 Qd7 11. Nf5 Bxf5 12. gxf5 O-O-O 13. Qe2 f6 14. O-O-O
g6 15. fxg6 hxg6 16. Qf3 Qe6 17. Nc4 g5 18. Nxd6+ Rxd6 19. Bc5 Rd7 20. Bxe7
Rxe7 21. Qg4 Rh4 22. Qxe6+ Rxe6 23. Rdg1 Re8 24. Rg3 Reh8 25. f3 Kd7 26. Kd2
Ke6 27. Ke3 c5 28. b3 Kd6 29. Kd2 b5 30. Kc3 a5 31. Kd2 c4 32. bxc4 bxc4 33.
dxc4 Kc5 34. Kc3 Rd8 35. Rb1 c6 36. Rh1 Rd4 37. Kb3 Rxc4 38. c3 Rh8 39. Rd1
Rb8+ 40. Kc2 Ra4 41. Ra1 Kc4 42. Rg2 Ra3 43. Kc1 Rxc3+ 44. Rc2 Kd3 45. Rxc3+
Kxc3 46. Kd1 Rb2 47. Ke1 Kc2 48. a4 Rb1+ 49. Rxb1 Kxb1 50. Kf2 c5 51. Ke2 Kc2
52. Kf2 Kd3 53. Kg3 Ke3 0-1

[Event "BPB Limburg open B"]
[Site "Maastricht"]
[Date "2014.06.08"]
[Round "4"]
[White "Kuryliw, Ray"]
[Black "Coenen, Siegfried"]
[Result "0-1"]
[WhiteElo "1884"]
[BlackElo "1992"]
[PlyCount "68"]
[EventDate "2014.06.06"]
[EventType "swiss"]
[EventRounds "7"]
[EventCountry "NED"]
[Source "P.Boonen"]
[SourceDate "2014.10.10"]

1. f4 d5 2. Nf3 Nf6 3. b3 g6 4. e3 Bg7 5. Bb2 O-O 6. Be2 c6 7. O-O Bg4 8. h3
Bc8 9. Ne5 Ne4 10. Qe1 Nd7 11. Nd3 Bxb2 12. Nxb2 e6 13. Bf3 Qf6 14. c3 Nd6 15.
g4 b6 16. Qg3 Ba6 17. Rf2 Nc5 18. Rh2 Nce4 19. Bxe4 Nxe4 20. Qg2 c5 21. g5 Qg7
22. Na3 b5 23. Rc1 b4 24. Nb1 Rac8 25. Rh1 Bb7 26. Kh2 d4 27. Rhe1 dxc3 28.
dxc3 Rcd8 29. Na4 Ba8 30. Qc2 f6 31. h4 fxg5 32. hxg5 Nxg5 33. Kg3 Ne4+ 34. Kg4
Qf6 0-1

[Event "BPB Limburg open B"]
[Site "Maastricht"]
[Date "2014.06.08"]
[Round "4"]
[White "Lex, Gereon"]
[Black "Eveleens, Ed"]
[Result "0-1"]
[WhiteElo "1764"]
[BlackElo "1779"]
[PlyCount "32"]
[EventDate "2014.06.06"]
[EventType "swiss"]
[EventRounds "7"]
[EventCountry "NED"]
[Source "P.Boonen"]
[SourceDate "2014.10.10"]

1. e4 Nf6 2. Nc3 e5 3. f4 exf4 4. e5 Ng8 5. Nf3 g5 6. h4 g4 7. Ng5 h6 8. Nxf7
Kxf7 9. Qxg4 d5 10. Qxf4+ Ke8 11. Bd3 Be6 12. O-O Bc5+ 13. Kh2 Ne7 14. Qf6 Kd7
15. Bf5 Nxf5 16. Rxf5 Qxf6 0-1

[Event "BPB Limburg open B"]
[Site "Maastricht"]
[Date "2014.06.08"]
[Round "4"]
[White "Loose, Rob"]
[Black "Schleipfenbauer, Bent"]
[Result "1/2-1/2"]
[WhiteElo "1909"]
[BlackElo "1953"]
[PlyCount "23"]
[EventDate "2014.06.06"]
[EventType "swiss"]
[EventRounds "7"]
[EventCountry "NED"]
[Source "P.Boonen"]
[SourceDate "2014.10.10"]

1. e4 c5 2. Nf3 Nc6 3. Nc3 g6 4. d4 cxd4 5. Nxd4 Bg7 6. Be3 Nf6 7. Bc4 O-O 8.
Bb3 a5 9. O-O d6 10. f3 Bd7 11. Kh1 Nxd4 12. Qxd4 {.....} 1/2-1/2

[Event "BPB Limburg open B"]
[Site "Maastricht"]
[Date "2014.06.08"]
[Round "4"]
[White "Luig, Benjamin"]
[Black "Senders, Justin"]
[Result "1-0"]
[WhiteElo "1844"]
[BlackElo "1957"]
[PlyCount "45"]
[EventDate "2014.06.06"]
[EventType "swiss"]
[EventRounds "7"]
[EventCountry "NED"]
[Source "P.Boonen"]
[SourceDate "2014.10.10"]

1. d4 Nf6 2. c4 c5 3. d5 b5 4. cxb5 a6 5. bxa6 g6 6. Nc3 Bxa6 7. g3 d6 8. Bg2
Bg7 9. Nf3 O-O 10. O-O Nbd7 11. Rb1 Qa5 12. Qc2 Rfb8 13. b3 Ng4 14. Bb2 Nge5
15. Nxe5 Nxe5 16. Rfc1 c4 17. Ba1 Rb7 18. Nd1 Rab8 19. f4 Nd7 20. Bxg7 Kxg7 21.
Ne3 cxb3 22. axb3 Qc5 23. Qb2+ 1-0

[Event "BPB Limburg open B"]
[Site "Maastricht"]
[Date "2014.06.08"]
[Round "4"]
[White "Mestrom, Ton"]
[Black "Veelenturf, Wim"]
[Result "0-1"]
[WhiteElo "1797"]
[BlackElo "1741"]
[PlyCount "63"]
[EventDate "2014.06.06"]
[EventType "swiss"]
[EventRounds "7"]
[EventCountry "NED"]
[Source "P.Boonen"]
[SourceDate "2014.10.10"]

1. d4 c6 2. Bf4 d5 3. Nf3 Bf5 4. e3 e6 5. Bd3 Bxd3 6. Qxd3 Nf6 7. O-O Be7 8. c4
dxc4 9. Qxc4 Nbd7 10. Nc3 O-O 11. e4 Re8 12. Rfd1 Nb6 13. Qb3 Nh5 14. Be3 g6
15. a4 Qb8 16. a5 Nd7 17. d5 Nc5 18. Qc4 cxd5 19. exd5 b6 20. b4 exd5 21. Nxd5
Ne6 22. axb6 axb6 23. Rxa8 Qxa8 24. Nxb6 Qa3 25. Nd5 Qa4 26. Rc1 Nf6 27. Nxe7+
Rxe7 28. Bc5 Rd7 29. g3 Rd1+ 30. Rxd1 Qxd1+ 31. Kg2 Nd7 32. Be3 0-1

[Event "BPB Limburg open B"]
[Site "Maastricht"]
[Date "2014.06.08"]
[Round "4"]
[White "Mestrom, Wolf"]
[Black "Sinke, Wim"]
[Result "0-1"]
[WhiteElo "1753"]
[BlackElo "1874"]
[PlyCount "86"]
[EventDate "2014.06.06"]
[EventType "swiss"]
[EventRounds "7"]
[EventCountry "NED"]
[Source "P.Boonen"]
[SourceDate "2014.10.10"]

1. c4 e5 2. Nc3 Nf6 3. e3 d5 4. cxd5 Nxd5 5. Nf3 Nxc3 6. bxc3 Bd6 7. d4 Qe7 8.
Be2 O-O 9. O-O e4 10. Nd2 c6 11. f4 f5 12. c4 Ba3 13. Bxa3 Qxa3 14. Qb3 Qa5 15.
c5+ Kh8 16. Nc4 Qc7 17. Ne5 b6 18. cxb6 axb6 19. Rab1 b5 20. Rfc1 Qe7 21. Rc3
Be6 22. Qd1 Bd5 23. Rb2 Ra3 24. Qd2 Qa7 25. Rxa3 Qxa3 26. Bd1 Na6 27. Bb3 Nb4
28. Bxd5 Nxd5 29. Rb3 Qa4 30. Nxc6 Rc8 31. Ne5 b4 32. Nf7+ Kg8 33. Nd6 Rc3 34.
Nxf5 Rxb3 35. axb3 Qxb3 36. Kf2 Qb1 37. Nd6 b3 38. h3 Qc2 39. Ke1 Nxe3 40. Qxc2
Nxc2+ 41. Kd2 e3+ 42. Kd3 e2 43. Kxe2 b2 0-1

[Event "BPB Limburg open B"]
[Site "Maastricht"]
[Date "2014.06.08"]
[Round "4"]
[White "Meyer, Stefan"]
[Black "Londers, Jan"]
[Result "1/2-1/2"]
[WhiteElo "1747"]
[BlackElo "1890"]
[PlyCount "87"]
[EventDate "2014.06.06"]
[EventType "swiss"]
[EventRounds "7"]
[EventCountry "NED"]
[Source "P.Boonen"]
[SourceDate "2014.10.10"]

1. d4 d5 2. c4 e6 3. Nc3 Nf6 4. Bg5 c6 5. Nf3 dxc4 6. e4 b5 7. e5 h6 8. Bh4 g5
9. Nxg5 Nd5 10. Nf3 Qa5 11. Qc2 Bb4 12. Rc1 Qxa2 13. Be2 Nd7 14. O-O Bxc3 15.
bxc3 Qxc2 16. Rxc2 c5 17. Nd2 cxd4 18. cxd4 O-O 19. Ne4 Bb7 20. Nd6 Bc6 21. Ra1
a5 22. Ra3 Nf4 23. Rg3+ Kh8 24. Be7 Nxe2+ 25. Rxe2 Rg8 26. Nxf7+ Kh7 27. Rh3
Rxg2+ 28. Kf1 Rg6 29. Ng5+ Kg7 30. Bf6+ Kg8 31. Ne4 Bxe4 32. Rxe4 Nxf6 33. exf6
Rxf6 34. d5 exd5 35. Re7 Kf8 36. Rh7 Kg8 37. Rb7 a4 38. Rg3+ Kf8 39. Rgg7 a3
40. Rh7 Rg6 41. Rh8+ Rg8 42. Rhh7 Rg5 43. Rh8+ Rg8 44. Rhh7 1/2-1/2

[Event "BPB Limburg open B"]
[Site "Maastricht"]
[Date "2014.06.08"]
[Round "4"]
[White "Mitran, Anthony Cris"]
[Black "Mercan Cano, Oscar"]
[Result "1-0"]
[WhiteElo "1593"]
[BlackElo "1758"]
[PlyCount "93"]
[EventDate "2014.06.06"]
[EventType "swiss"]
[EventRounds "7"]
[EventCountry "NED"]
[Source "P.Boonen"]
[SourceDate "2014.10.10"]

1. d4 d5 2. c4 c6 3. Nc3 Nf6 4. Nf3 Bg4 5. Ne5 Bh5 6. Qb3 Qb6 7. cxd5 Qxb3 8.
axb3 Nxd5 9. Nxd5 cxd5 10. g4 Bg6 11. e3 Bc2 12. Bb5+ Nc6 13. Nxc6 Be4 14. f3
Bd3 15. Bxd3 bxc6 16. Bd2 e6 17. Rc1 Kd7 18. Ke2 Bd6 19. Rc2 a5 20. h3 Rhb8 21.
Ra1 Bc7 22. Rac1 Rxb3 23. Rxc6 Bd8 24. R6c2 Rab8 25. Bc3 a4 26. Ra1 Ra8 27.
Rcc1 Be7 28. Bc2 Rxc3 29. bxc3 a3 30. Bb3 Rb8 31. Rcb1 Rc8 32. Kd3 f5 33. Ba2
Kc7 34. e4 fxg4 35. hxg4 dxe4+ 36. fxe4 Rh8 37. Rh1 Rb8 38. Rab1 Rd8 39. Rb5
Kc6 40. Rhb1 Ra8 41. Rb6+ Kc7 42. Rb7+ Kd8 43. Rb8+ Rxb8 44. Rxb8+ Kc7 45. Ra8
Kb7 46. Re8 Bg5 47. Rf8 1-0

[Event "BPB Limburg open B"]
[Site "Maastricht"]
[Date "2014.06.08"]
[Round "4"]
[White "Moes, Waldemar"]
[Black "Feltman, Bart"]
[Result "1/2-1/2"]
[WhiteElo "2038"]
[BlackElo "1728"]
[PlyCount "80"]
[EventDate "2014.06.06"]
[EventType "swiss"]
[EventRounds "7"]
[EventCountry "NED"]
[Source "P.Boonen"]
[SourceDate "2014.10.10"]

1. e4 e6 2. d4 d5 3. Nd2 h6 4. Ngf3 Nf6 5. e5 Nfd7 6. Bd3 c5 7. c3 Nc6 8. O-O
g5 9. dxc5 Bxc5 10. Nb3 Bb6 11. Bb5 g4 12. Nfd4 Ncxe5 13. Bf4 Bc7 14. Re1 Nf3+
15. Nxf3 Bxf4 16. Qd4 Rg8 17. Qxf4 gxf3 18. Qxf3 a6 19. Bxd7+ Bxd7 20. Qxd5 Bc6
21. Qxd8+ Rxd8 22. g3 h5 23. h4 Ke7 24. Nd4 Bd5 25. b3 f6 26. Rad1 e5 27. c4
Be6 28. Nxe6 Kxe6 29. Kf1 Kf5 30. Rd5 Rxd5 31. cxd5 Rd8 32. Rd1 e4 33. f3 exf3
34. Kf2 Ke5 35. Kxf3 f5 36. d6 Rd7 37. Re1+ Kf6 38. Rd1 Ke5 39. Re1+ Kf6 40.
Rd1 Ke5 1/2-1/2

[Event "BPB Limburg open B"]
[Site "Maastricht"]
[Date "2014.06.08"]
[Round "4"]
[White "Moog, Gerhard"]
[Black "Kalle, Erwin"]
[Result "1-0"]
[WhiteElo "1898"]
[BlackElo "1691"]
[PlyCount "73"]
[EventDate "2014.06.06"]
[EventType "swiss"]
[EventRounds "7"]
[EventCountry "NED"]
[Source "P.Boonen"]
[SourceDate "2014.10.10"]

1. e4 e6 2. d4 d5 3. Nd2 Nf6 4. e5 Nfd7 5. Bd3 c5 6. c3 Nc6 7. Ne2 cxd4 8. cxd4
f6 9. exf6 Nxf6 10. O-O Bd6 11. Nf3 Qc7 12. h3 O-O 13. a3 Nh5 14. Nc3 a6 15.
Bxh7+ Kxh7 16. Ng5+ Kg6 17. Qd3+ Rf5 18. g4 Bf4 19. Nf3 Bd7 20. gxf5+ Kf6 21.
Ne2 Rh8 22. Ne5 Nxe5 23. dxe5+ Qxe5 24. Qf3 Bh2+ 25. Kg2 Bc6 26. fxe6+ Kxe6 27.
Qg4+ Ke7 28. Nd4 Bd7 29. Bg5+ Kd6 30. f4 Qxd4 31. Qf3 Qxb2+ 32. Qf2 Qxf2+ 33.
Rxf2 Nxf4+ 34. Bxf4+ Bxf4 35. Rxf4 Rxh3 36. Rf7 g5 37. Rxd7+ 1-0

[Event "BPB Limburg open B"]
[Site "Maastricht"]
[Date "2014.06.08"]
[Round "4"]
[White "Negues, Feyyaz"]
[Black "Van de Pavoordt, Max"]
[Result "0-1"]
[WhiteElo "1983"]
[BlackElo "1839"]
[PlyCount "34"]
[EventDate "2014.06.06"]
[EventType "swiss"]
[EventRounds "7"]
[EventCountry "NED"]
[Source "P.Boonen"]
[SourceDate "2014.10.10"]

1. Nf3 d5 2. c4 c6 3. d4 Nf6 4. Nc3 Bf5 5. Qb3 b6 6. e3 e6 7. Be2 Bd6 8. O-O
O-O 9. Bd2 Nbd7 10. Rac1 Rc8 11. Rfe1 Ne4 12. cxd5 exd5 13. Bf1 Bg4 14. Qd1
Bxf3 15. gxf3 Bxh2+ 16. Kxh2 Qh4+ 17. Bh3 Nxf2 0-1

[Event "BPB Limburg open B"]
[Site "Maastricht"]
[Date "2014.06.08"]
[Round "4"]
[White "Plug, Arjan"]
[Black "Gendarme, Pierre"]
[Result "1-0"]
[WhiteElo "1893"]
[BlackElo "1844"]
[PlyCount "51"]
[EventDate "2014.06.06"]
[EventType "swiss"]
[EventRounds "7"]
[EventCountry "NED"]
[Source "P.Boonen"]
[SourceDate "2014.10.10"]

1. e4 e6 2. d4 d5 3. Nd2 Nf6 4. e5 Nfd7 5. Bd3 c5 6. c3 b6 7. Ngf3 Ba6 8. Nf1
Bxd3 9. Qxd3 Nc6 10. a3 c4 11. Qd1 Na5 12. Ne3 Be7 13. O-O O-O 14. Ng4 f5 15.
exf6 Nxf6 16. Ng5 Qc8 17. Re1 Nb3 18. Rb1 Nxc1 19. Rxc1 Nxg4 20. Qxg4 Bxg5 21.
Qxg5 Rf6 22. Re5 Qd7 23. Rce1 Raf8 24. f3 Qb5 25. Rxe6 Rxe6 26. Rxe6 1-0

[Event "BPB Limburg open B"]
[Site "Maastricht"]
[Date "2014.06.08"]
[Round "4"]
[White "Rache, Ralf"]
[Black "Staudte, Rainer"]
[Result "0-1"]
[WhiteElo "1832"]
[BlackElo "1915"]
[PlyCount "60"]
[EventDate "2014.06.06"]
[EventType "swiss"]
[EventRounds "7"]
[EventCountry "NED"]
[Source "P.Boonen"]
[SourceDate "2014.10.10"]

1. e4 c5 2. Nf3 Nc6 3. d4 cxd4 4. Nxd4 Nf6 5. Nc3 e5 6. Ndb5 d6 7. Bg5 a6 8.
Na3 b5 9. Nd5 Be7 10. Bxf6 Bxf6 11. Nxf6+ Qxf6 12. c3 O-O 13. Nc2 Rb8 14. Be2
Qg6 15. O-O Ne7 16. Ne3 Bb7 17. Bf3 Rfd8 18. Nd5 Nxd5 19. exd5 f5 20. a4 Qf7
21. axb5 axb5 22. g3 e4 23. Bg2 Qxd5 24. Qc1 Qc5 25. Qg5 h6 26. Qg6 Rf8 27.
Qe6+ Kh7 28. Ra5 Bd5 29. Qd7 Rf7 30. b4 Qb6 0-1

[Event "BPB Limburg open B"]
[Site "Maastricht"]
[Date "2014.06.08"]
[Round "4"]
[White "Reichardt, Gert"]
[Black "Jansen, Ingeborg"]
[Result "1/2-1/2"]
[WhiteElo "1872"]
[BlackElo "1842"]
[PlyCount "40"]
[EventDate "2014.06.06"]
[EventType "swiss"]
[EventRounds "7"]
[EventCountry "NED"]
[Source "P.Boonen"]
[SourceDate "2014.10.10"]

1. d4 d5 2. Bf4 e6 3. Nf3 Nf6 4. e3 c5 5. c3 Nc6 6. Nbd2 a6 7. Bd3 c4 8. Bc2
Nh5 9. Bg5 f6 10. Bh4 g6 11. e4 Nf4 12. Bg3 Nh5 13. Qe2 Nxg3 14. hxg3 Kf7 15.
Nh4 Bg7 16. f4 f5 17. e5 h5 18. Kf2 Bd7 19. Ndf3 Bh6 20. Rae1 Qe7 1/2-1/2

[Event "BPB Limburg open B"]
[Site "Maastricht"]
[Date "2014.06.08"]
[Round "4"]
[White "Rutten, David"]
[Black "Limbach, Torsten"]
[Result "1-0"]
[WhiteElo "1853"]
[BlackElo "1985"]
[PlyCount "65"]
[EventDate "2014.06.06"]
[EventType "swiss"]
[EventRounds "7"]
[EventCountry "NED"]
[Source "P.Boonen"]
[SourceDate "2014.10.10"]

1. d4 d5 2. Nf3 Nf6 3. e3 c5 4. c4 e6 5. Nc3 Nc6 6. a3 dxc4 7. Bxc4 cxd4 8.
exd4 Be7 9. O-O O-O 10. Re1 a6 11. Bd3 b5 12. b4 Bb7 13. Bb2 Qd6 14. Ne4 Nxe4
15. Bxe4 Bf6 16. Ne5 Rfd8 17. Bxh7+ Kf8 18. Qh5 Bxe5 19. dxe5 Qd2 20. Rab1 Ne7
21. Be4 Bxe4 22. Rxe4 Qc2 23. Ree1 Rac8 24. Red1 Rd2 25. Rdc1 Qxb1 26. Rxb1
Rxb2 27. Rd1 Kg8 28. Qg5 Nd5 29. h4 Rcc2 30. Rc1 Nc3 31. Rxc2 Rxc2 32. Qd8+ Kh7
33. Qd3+ 1-0

[Event "BPB Limburg open B"]
[Site "Maastricht"]
[Date "2014.06.08"]
[Round "4"]
[White "Santiago, Gerardo"]
[Black "Boom, Harrie"]
[Result "1-0"]
[WhiteElo "1851"]
[BlackElo "1765"]
[PlyCount "43"]
[EventDate "2014.06.06"]
[EventType "swiss"]
[EventRounds "7"]
[EventCountry "NED"]
[Source "P.Boonen"]
[SourceDate "2014.10.10"]

1. e4 c5 2. d4 cxd4 3. c3 dxc3 4. Nxc3 Nc6 5. Nf3 d6 6. Bc4 e6 7. Qe2 Nf6 8.
O-O a6 9. Bg5 Be7 10. Rfd1 Qc7 11. Rac1 Bd7 12. Bb3 O-O 13. Na4 b5 14. e5 dxe5
15. Nc5 Bxc5 16. Rxc5 Qb7 17. Nxe5 Nxe5 18. Qxe5 Rac8 19. Rxc8 Qxc8 20. Bxf6
gxf6 21. Qxf6 Qd8 22. Qd4 1-0

[Event "BPB Limburg open B"]
[Site "Maastricht"]
[Date "2014.06.08"]
[Round "4"]
[White "Schloemer, Armin"]
[Black "Cornelius, Jorg"]
[Result "0-1"]
[WhiteElo "1880"]
[BlackElo "2039"]
[PlyCount "124"]
[EventDate "2014.06.06"]
[EventType "swiss"]
[EventRounds "7"]
[EventCountry "NED"]
[Source "P.Boonen"]
[SourceDate "2014.10.10"]

1. c4 Nf6 2. Nf3 c5 3. g3 d5 4. cxd5 Nxd5 5. Bg2 Nc6 6. Nc3 Nc7 7. Qb3 e5 8. d3
Be7 9. Be3 O-O 10. Ne4 Ne6 11. Qc3 Ned4 12. Nxc5 Qd5 13. Rc1 b6 14. Nh4 Qxc5
15. Qxc5 Bxc5 16. Bxd4 exd4 17. Bxc6 Rb8 18. O-O Be6 19. a3 a5 20. Bb5 Rb7 21.
Bc4 Bh3 22. Bd5 Bxf1 23. Bxb7 Bxe2 24. Be4 Bg4 25. Re1 Be6 26. f4 g6 27. f5 Bd7
28. g4 Re8 29. Rf1 g5 30. Nf3 h6 31. h4 f6 32. Rc1 a4 33. Kg2 Bb5 34. Nd2 Re7
35. Rc2 Kg7 36. b4 axb3 37. Nxb3 Ba4 38. Rb2 Bxb3 39. Rxb3 Ra7 40. Bd5 Rxa3 41.
Rxa3 Bxa3 42. Bc4 gxh4 43. Kh3 Kf8 44. Kxh4 Ke7 45. Kg3 Kd6 46. Kf3 Kc5 47. Ke4
b5 48. Ba2 Bc1 49. Bd5 Be3 50. Bf7 Kb4 51. Kd5 Kc3 52. Be8 b4 53. Ke6 Bg5 54.
Kd6 b3 55. Bf7 b2 56. Ba2 Kc2 57. Kd5 Kxd3 58. Bb1+ Kd2 59. Kxd4 Kc1 60. Be4
b1=Q 61. Bxb1 Kxb1 62. Kd3 Kc1 0-1

[Event "BPB Limburg open B"]
[Site "Maastricht"]
[Date "2014.06.08"]
[Round "4"]
[White "Seip, Rien"]
[Black "Rietveld, Leo"]
[Result "1-0"]
[WhiteElo "2005"]
[BlackElo "2001"]
[PlyCount "33"]
[EventDate "2014.06.06"]
[EventType "swiss"]
[EventRounds "7"]
[EventCountry "NED"]
[Source "P.Boonen"]
[SourceDate "2014.10.10"]

1. d4 d5 2. c4 e6 3. Nf3 c5 4. cxd5 Nf6 5. dxe6 Bxe6 6. Nc3 Nc6 7. e3 Be7 8.
Be2 a6 9. O-O b5 10. Ng5 cxd4 11. Nxe6 fxe6 12. Bf3 Rc8 13. exd4 Nxd4 14. Bb7
Rc5 15. Be3 Rh5 16. Bxd4 Qc7 17. g3 1-0

[Event "BPB Limburg open B"]
[Site "Maastricht"]
[Date "2014.06.08"]
[Round "4"]
[White "Singh, Marcel"]
[Black "Auwens, Michiel"]
[Result "1-0"]
[WhiteElo "1903"]
[BlackElo "1881"]
[PlyCount "49"]
[EventDate "2014.06.06"]
[EventType "swiss"]
[EventRounds "7"]
[EventCountry "NED"]
[Source "P.Boonen"]
[SourceDate "2014.10.10"]

1. e4 e5 2. Nc3 d6 3. Bc4 c6 4. d3 Be7 5. f4 Nd7 6. Nf3 Ngf6 7. Bb3 O-O 8. O-O
b5 9. a3 Qc7 10. f5 a5 11. h3 h5 12. Nh2 d5 13. g4 b4 14. axb4 Bxb4 15. g5 Bxc3
16. bxc3 dxe4 17. gxf6 Nxf6 18. Bg5 Qd6 19. Bxf6 Qxf6 20. Qxh5 exd3 21. Ng4 Qd6
22. f6 Bxg4 23. Qxg4 Qc5+ 24. Kh1 g6 25. Qxg6+ 1-0

[Event "BPB Limburg open B"]
[Site "Maastricht"]
[Date "2014.06.08"]
[Round "4"]
[White "Slijper, Thomas"]
[Black "Wuijts, Johan"]
[Result "1-0"]
[WhiteElo "1861"]
[BlackElo "1756"]
[PlyCount "41"]
[EventDate "2014.06.06"]
[EventType "swiss"]
[EventRounds "7"]
[EventCountry "NED"]
[Source "P.Boonen"]
[SourceDate "2014.10.10"]

1. c4 e5 2. g3 Nc6 3. Nc3 f5 4. Nf3 Bb4 5. Nd5 Nf6 6. Bg2 O-O 7. Nxb4 Nxb4 8.
Nxe5 Qe7 9. d4 c5 10. O-O cxd4 11. Nf3 Nc6 12. Nxd4 Nxd4 13. Qxd4 Qxe2 14. Bd2
Ne4 15. Bb4 Re8 16. f3 Nf6 17. Rae1 Qc2 18. Rxe8+ Nxe8 19. Qd5+ Kh8 20. Qf7 Nf6
21. Bf8 1-0

[Event "BPB Limburg open B"]
[Site "Maastricht"]
[Date "2014.06.08"]
[Round "4"]
[White "Snoeck, Rene"]
[Black "Freer, Robert"]
[Result "1/2-1/2"]
[WhiteElo "1929"]
[BlackElo "1863"]
[PlyCount "64"]
[EventDate "2014.06.06"]
[EventType "swiss"]
[EventRounds "7"]
[EventCountry "NED"]
[Source "P.Boonen"]
[SourceDate "2014.10.10"]

1. d4 Nf6 2. g3 g6 3. Bg2 Bg7 4. Nf3 O-O 5. O-O d6 6. c3 c6 7. Nbd2 Nbd7 8. Qb3
e5 9. dxe5 dxe5 10. Nc4 Qe7 11. Rd1 h6 12. Nd6 Nb6 13. Nxc8 Raxc8 14. Be3 Nfd5
15. Bxb6 Nxb6 16. e3 Rfd8 17. Rxd8+ Rxd8 18. Rd1 Rd6 19. Qc2 Qd7 20. Rxd6 Qxd6
21. Qd2 Qxd2 22. Nxd2 Na4 23. Nc4 b5 24. Na3 Bf8 25. Bxc6 Bxa3 26. bxa3 Nxc3
27. Kf1 a5 28. Ke1 b4 29. axb4 axb4 30. Kd2 Nxa2 31. Ba4 Nc3 32. Bc2 Nb5
1/2-1/2

[Event "BPB Limburg open B"]
[Site "Maastricht"]
[Date "2014.06.08"]
[Round "4"]
[White "Sterckx, Pieter"]
[Black "Fadavian, Marius"]
[Result "0-1"]
[WhiteElo "1853"]
[BlackElo "2040"]
[PlyCount "64"]
[EventDate "2014.06.06"]
[EventType "swiss"]
[EventRounds "7"]
[EventCountry "NED"]
[Source "P.Boonen"]
[SourceDate "2014.10.10"]

1. e4 c5 2. Nf3 Nc6 3. d4 cxd4 4. Nxd4 Nf6 5. Nc3 g6 6. Be3 Bg7 7. Bc4 O-O 8.
Bb3 Qa5 9. O-O d6 10. Nd5 Re8 11. Nxf6+ Bxf6 12. c3 Ne5 13. Kh1 Ng4 14. Bd2 Qe5
15. Nf3 Qxe4 16. h3 Ne5 17. Re1 Qd3 18. Bc2 Qa6 19. Nxe5 Bxe5 20. f4 Bf6 21.
Qf3 Bd7 22. f5 Bc6 23. Qg4 Kg7 24. h4 Rg8 25. fxg6 hxg6 26. Bg5 Bxg5 27. Qxg5
Rae8 28. Bxg6 fxg6 29. h5 Qd3 30. h6+ Kh8 31. Re3 Qf5 32. Qh4 Qh5 0-1